000 01087nam a2200241Ii 4500
003 JO-AjNU
005 20240629101813.0
008 230605s9999||||xx |||||||||||||| ||und||
040 _aJO-AjNU
_bara
_erda
_cJO-AjNU
041 _aara
050 1 4 _aKZ5038.2020
100 _aالجميلي، محمود عبد الله فتاح
_eمعد
_965755
245 0 0 _aمدى سلطة مجلس الامن الدولي في معالجة النزاعات الوطنية = The Extent of the united Nations Security Council Power to Resolve National Conflicts
_c/ اعداد محمود عبد الله فتاح الجميلي ؛ اشراف طلال ياسين العيسى
264 3 1 _a2020
300 _a101 ورقة
336 _atext
_btxt
_2rdacontent
337 _aunmediated
_bn
_2rdamedia
338 _avolume
_bnc
_2rdacarrier
500 _aرسالة جامعية (اطروحة ماجستير) تخصص القانون / جامعة عجلون الوطنية
650 4 _aالامن الدولي
_959848
700 _aالعيسى، طلال ياسين
_964930
_eمشرف
942 _2lcc
_cTHS
999 _c30520
_d30520